Romains dans Astérix... ou Pokémon ? - Statistiques

Statistiques générales
  • Ce quiz a été pris 129 fois
  • Le résultat moyen est 13 sur 15
Statistiques - réponses
Question Réponse % Correct
Hippodocus Pokémon
95%
Anglaigus Romain
95%
Petilarus Romain
92%
Arceus Pokémon
90%
Calamitus Romain
90%
Cartapus Romain
89%
Fantominus Pokémon
88%
Milobellus Pokémon
88%
Deprus Romain
87%
Corvaillus Pokémon
82%
Rexillius Pokémon
82%
Colimucus Pokémon
76%
Fellinus Romain
73%
Chapotus Pokémon
62%
Amovénus Pokémon
61%
Aucun quiz correspondant
Distribution des résultats
% des personnes avec chaque résultat
Percentile par nombre de réponses
Votre historique - résultats
Vous n’avez pas pris ce quiz